| 000 | 00598cam a22001815a 4500 | ||
|---|---|---|---|
| 001 | 13040588 | ||
| 005 | 20241107190911.0 | ||
| 008 | 021223s2003 ohu 000 0 eng | ||
| 020 | _a0324152825 | ||
| 050 | _aKF888 | ||
| 245 | 0 | 0 |
_aWest's business law : _btext cases legal, ethical, international, and e-commerce environment / _cKenneth W. Clarkson ... [et al.]. |
| 250 | _a9th ed. | ||
| 260 |
_aMason, Ohio : _bThomson/South-Western West, _cc2004. |
||
| 300 |
_axxx, 1066 _c26 cm _ecolor illustrations, index |
||
| 650 | _2Business Law | ||
| 650 | _2Corporate Law | ||
| 942 |
_2lcc _cBK _eNinth Ed. _n0 |
||
| 999 |
_c840 _d840 |
||